| 000 | 01037nas a2200349 4500 | ||
|---|---|---|---|
| 001 | BR2013002519 | ||
| 003 | BR-BrBNA | ||
| 005 | 20231205122142.0 | ||
| 007 | ta | ||
| 008 | 230509b bl.|||p| |||| 00| 00por d | ||
| 040 |
_aBR-BrBNA _bpor _cBiblioteca Nacional de Agricultura |
||
| 041 | _a(Pt) | ||
| 072 | _aF08; H10 | ||
| 100 | 1 | _aGomes, F.B. | |
| 100 | 1 | _aFortunato, L. de J. | |
| 100 | 1 | _aPacheco, A.L.V. | |
| 100 | 1 | _aAzevedo, L.H. de | |
| 100 | 1 | _aFreitas, N. | |
| 100 | 1 | _aHomma, S.K. | |
| 245 | 1 | _aIncidência de pragas e desempenho produtivo de tomateiro orgânico em monocultivo e policultivo | |
| 650 | _aTOMATE | ||
| 650 | _aCOENTRO | ||
| 650 | _aCRAVO-DE-DEFUNTO | ||
| 650 | _aSORGHO | ||
| 650 | _aCONSORCIAÇÃO DE CULTURA | ||
| 650 | _aPRAGA DE PLANTA | ||
| 650 | _aMONOCULTURA | ||
| 650 | _aCULTIVO MULTIPLO | ||
| 773 | 0 |
_tHorticultura Brasileira (Brazil) _xISSN 0102-0536 _g(Oct-Dec 2012), v. 30(4) p. 756-761 _wBR2013002519 |
|
| 909 |
_a202311 _bLúcia _c55 _dLúcia Elande |
||
| 942 |
_2AGRIS _n0 _cANA |
||
| 999 |
_c227174 _d227174 |
||